000 00511cam a2200193ua 4500
001 6818
008 140219n ii |||gr||||Z||||||asm
040 _cMAIN
082 _a651
245 _aBanijyik Patra-Binimaya
_cBy Basanta Kumar Goswami
250 _a3rd ed.
260 _aDibrugarh:
_bPathyaputhi prastuti samanay samiti,
_c1983.
300 _ax,66p.
653 _aOffice services
653 _aBanijyik Patra-Binimaya
653 _aCommerce
700 _aGoswami,Basanta Kumar,
_eAuthor.
942 _cBK
999 _c5966
_d5966